00686nam a2200169 a 4500003000200000005001700002008004100019050002600060100002900086245010900115260009000224300004000314504004100354650003900395650003900434650004300473020250514112411.0970101s19uu xx 00 eng d aPHS GN 502b.F55 2004 aFikowski, Amanda Lynn P. aA Comparison of parenting styles among Filipino, foreign and mixed parentage /cAmanda Lynn P. Fikowski. aLas Piñas City, Philippines :bSouthville International School and Colleges,c2004. a44 pages :billustrations ;c28 cm. aIncludes bibliographical references. aParentingxCross-cultural studies. aInterethnic familieszPhilippines. aChild rearingxCross-cultural studies.